000 00376nam a22001097a 4500
005 20241018091846.0
008 241018b |||||||| |||| 00| 0 eng d
245 _aA blockbuster barangay home cook pa more in Malibay /
260 _aPhilippines;
_bPhilippine Graphic Publishing Inc.,
_cSeptember 2019.
300 _aVolume 20, pages 38-41,
_billustration.
942 _2ddc
_cPER
999 _c22684
_d22684